UEFA Euro 2024 host cities on a map - Statistics

General Stats
  • This quiz has been taken 93 times
  • The average score is 9 of 10
Answers on the Map
Answers color-coded by a green-red scale on the quiz's map according to % correct below.
 
Answer Stats
City % Correct
Berlin
99%
Munich
99%
Dortmund
97%
Hamburg
93%
Frankfurt
90%
Cologne
89%
Leipzig
89%
Düsseldorf
85%
Stuttgart
82%
Gelsenkirchen
67%
No matching quizzes found
Score Distribution
Percent of People with Each Score
Percentile by Number Answered
Your Score History
You have not taken this quiz